000 00437nam a2200157 a 4500
005 20140412111426.0
008 090629s19uu xx 00 eng d
020 _a0-439-37650-5
050 _aTR(GS E
_bM11 2002
100 _aMcCourt, Lisa
245 _aThe Best night out with dad /
_cLisa McCourt,.
260 _aU.S.A :
_bScholastic,
_c2002.
300 _a1v. unp.
440 _aChicken soup for the little souls
999 _c106243
_d106243